Chapter 9 span vocab review Quiz Stats

 Plays Quiz not verified by Sporcle

Score 0/72 Timer 15:00
0 Plays Today
clues % Correct
to emigrateemigrar
87.5%
Cubanel cubano
81.3%
Dominicanel dominicano
81.3%
to adapt toadaptarse a
75%
to immigrateinmigrar
75%
Lation, Latin Americanel latino
75%
prideel orgullo
75%
Bolivianel boliviano
75%
Mexicanel mexicano
75%
Mexican-Americanel chicano
68.8%
Spaniardel español
68.8%
Canadianel canadiense
62.5%
emigrantel emigrante
62.5%
Argentineel argentino
62.5%
Columbianel colombiano
62.5%
to welcomeacoger
56.3%
exileel exilado
56.3%
hispanic, Hispanic Americanel hispano
56.3%
proudorgulloso
56.3%
to become assimilatedasimilarse
50%
Anglo-Saxon(female)la anglosajona
50%
citizenel ciudadano
50%
identityla identidad
50%
immigrantel inmigrante
50%
majorityla mayoría
50%
minorityla minoría
50%
refugeeel refugiado
50%
bilingualbilingüe
50%
Chileanel chileno
50%
to be acustomed toacostumbrarse a
43.8%
to bring, contributeaportar
43.8%
Anglo-Saxonel anglosajón
43.8%
emigrationla emigracíon
43.8%
heritagela herencia
43.8%
Costa Ricanel costarricense
43.8%
to get settle, establishedestablecerse
37.5%
clues % Correct
contributionel aporte
37.5%
melting potel crisol
37.5%
welcomingacogedor
37.5%
citizenshipla ciudadanía
31.3%
Americanel estadounidense
31.3%
Hounduranel hondureño
31.3%
immigrationla inmigración
25%
majoritymayoritario
25%
minorityminoritario
25%
to save moneyahorrar
25%
to save in the sense of to set aside, also means to keepguardar
25%
to take back, returndevolver
25%
to take off (clothing)quitarse
25%
Guatemalenel guatemalteco
18.8%
Uruguayanel uruguayo
18.8%
to miss an appointment or an event in the sense of not attending it faltar a
18.8%
to miss a personechar de menos
18.8%
to miss a personextrañar
18.8%
to save a person or thing from dangersalvar
18.8%
to transport or to take someone or something from one place to anotherllevar
18.8%
used in almost all other casestomar
18.8%
to take downbajar
18.8%
Ecuadoranel ecuatoriano
12.5%
Paraguayanel paraguayo
12.5%
to miss an opportuntiy or deadline due to poor timing perder
12.5%
expectation one: to take a trip is expressed with ______hacer un viaje
12.5%
to take away from someonequitarle a alquien
12.5%
to take outsacar
12.5%
Puerto Ricanel puertorriqueño
6.3%
Salvadoranel salvadoreño
6.3%
Peruvianel peruano
6.3%
expectation two: to take a certaint amount of time to do something: ________ + amount of time+_____+infinitiveen
6.3%
to take upsubir
6.3%
Nicaraguanel nicaragüense
0%
Panamanianel panameño
0%
Venezuelanel venezolano
0%

You're not logged in!

Compare scores with friends on all Sporcle quizzes.
OR
Log In

Show Comments

Extras

Top Quizzes Today


Score Distribution

Your Account Isn't Verified!

In order to create a playlist on Sporcle, you need to verify the email address you used during registration. Go to your Sporcle Settings to finish the process.

Report this User

Report this user for behavior that violates our Community Guidelines.

Details: